<?xml version="1.0" encoding="UTF-8"?>
<collection xmlns="http://www.loc.gov/MARC21/slim">
 <record>
  <leader>00984pamaa2200253   4500</leader>
  <controlfield tag="001">0000044668</controlfield>
  <controlfield tag="005">20121212090000.0</controlfield>
  <controlfield tag="008">081211                             eng  </controlfield>
  <datafield tag="020" ind1="0" ind2="0">
   <subfield code="a">9780736066808 / 0736066802 (pbk.) </subfield>
  </datafield>
  <datafield tag="090" ind1="0" ind2="0">
   <subfield code="a">RM725 </subfield>
   <subfield code="b">SWA 2007</subfield>
  </datafield>
  <datafield tag="100" ind1="1" ind2="0">
   <subfield code="a">Swain </subfield>
  </datafield>
  <datafield tag="245" ind1="1" ind2="0">
   <subfield code="a">Exercise prescription : </subfield>
   <subfield code="b">a case study approach to the ACSM guidelines  </subfield>
   <subfield code="c">David P. Swain, Brian C. Leutholtz.</subfield>
  </datafield>
  <datafield tag="250" ind1="0" ind2="0">
   <subfield code="a">2nd ed.</subfield>
  </datafield>
  <datafield tag="260" ind1="0" ind2="0">
   <subfield code="a">Champaign, IL: </subfield>
   <subfield code="b">Human Kinetics, </subfield>
   <subfield code="c">2007.</subfield>
  </datafield>
  <datafield tag="300" ind1=" " ind2=" ">
   <subfield code="a">viii, 199 p.: </subfield>
   <subfield code="b">ill.; </subfield>
   <subfield code="c">23 cm.</subfield>
  </datafield>
  <datafield tag="501" ind1="0" ind2="0">
   <subfield code="a">SAH</subfield>
  </datafield>
  <datafield tag="504" ind1="0" ind2="0">
   <subfield code="a">Includes bibliographical references and index</subfield>
  </datafield>
  <datafield tag="650" ind1="0" ind2="0">
   <subfield code="a">Exercise therapy -- </subfield>
   <subfield code="x">Case studies </subfield>
  </datafield>
  <datafield tag="650" ind1="0" ind2="0">
   <subfield code="a">Exercise Therapy -- </subfield>
   <subfield code="x">methods -- </subfield>
   <subfield code="x">Case Reports </subfield>
  </datafield>
  <datafield tag="650" ind1="0" ind2="0">
   <subfield code="a">Exercise Therapy -- </subfield>
   <subfield code="x">methods -- </subfield>
   <subfield code="x">Problems and Exercises </subfield>
  </datafield>
  <datafield tag="650" ind1="0" ind2="0">
   <subfield code="a">Exercise Therapy -- </subfield>
   <subfield code="x">standards Case Reports </subfield>
  </datafield>
  <datafield tag="650" ind1="0" ind2="0">
   <subfield code="a">Exercise Therapy -- </subfield>
   <subfield code="x">standards -- </subfield>
   <subfield code="x">Problems and Exercises </subfield>
  </datafield>
  <datafield tag="700" ind1="1" ind2="1">
   <subfield code="a">Leutholtz, </subfield>
   <subfield code="h">Brian C. </subfield>
  </datafield>
  <datafield tag="901" ind1=" " ind2=" ">
   <subfield code="u">www.humankinetics.co.nz</subfield>
  </datafield>
 </record>
</collection>
